<?xml version="1.0" encoding="UTF-8"?>
<record
    xmlns:xsi="http://www.w3.org/2001/XMLSchema-instance"
    xsi:schemaLocation="http://www.loc.gov/MARC21/slim http://www.loc.gov/standards/marcxml/schema/MARC21slim.xsd"
    xmlns="http://www.loc.gov/MARC21/slim">

  <leader>01819nam0a2200349   4500</leader>
  <controlfield tag="001">RU\NLR\bibl\582189</controlfield>
  <controlfield tag="005">20260408183832.0</controlfield>
  <datafield tag="010" ind1=" " ind2=" ">
    <subfield code="a">3-930775-66-2</subfield>
  </datafield>
  <datafield tag="035" ind1=" " ind2=" ">
    <subfield code="a">(NLR Aleph) 000574185</subfield>
  </datafield>
  <datafield tag="090" ind1=" " ind2=" ">
    <subfield code="a">1611558</subfield>
    <subfield code="c">1611558</subfield>
  </datafield>
  <datafield tag="100" ind1=" " ind2=" ">
    <subfield code="a">20041209d2004    |||y0rusy50      ca</subfield>
  </datafield>
  <datafield tag="101" ind1="0" ind2=" ">
    <subfield code="a">rus</subfield>
    <subfield code="a">eng</subfield>
  </datafield>
  <datafield tag="102" ind1=" " ind2=" ">
    <subfield code="a">RU</subfield>
  </datafield>
  <datafield tag="105" ind1=" " ind2=" ">
    <subfield code="a">a   |||||||||</subfield>
  </datafield>
  <datafield tag="200" ind1="1" ind2=" ">
    <subfield code="a">&#x421;&#x442;&#x430;&#x441; &#x411;&#x43B;&#x438;&#x43D;&#x43E;&#x432;</subfield>
    <subfield code="d">Stas Blinov</subfield>
    <subfield code="e">&#x418;&#x43B;. &#x43A; &#x44D;&#x43F;&#x43E;&#x441;&#x443; &#x428;&#x43E;&#x442;&#x430; &#x420;&#x443;&#x441;&#x442;&#x430;&#x432;&#x435;&#x43B;&#x438; "&#x412;&#x438;&#x442;&#x44F;&#x437;&#x44C; &#x432; &#x442;&#x438;&#x433;&#x440;&#x43E;&#x432;&#x43E;&#x439; &#x448;&#x43A;&#x443;&#x440;&#x435;"</subfield>
    <subfield code="e">[&#x410;&#x43B;&#x44C;&#x431;&#x43E;&#x43C;</subfield>
    <subfield code="f">&#x410;&#x432;&#x442;. &#x432;&#x441;&#x442;&#x443;&#x43F;. &#x441;&#x442;. &#x415;.&#x424;. &#x41A;&#x43E;&#x444;&#x442;&#x443;&#x43D;]</subfield>
    <subfield code="z">eng</subfield>
  </datafield>
  <datafield tag="210" ind1=" " ind2=" ">
    <subfield code="a">&#x421;&#x41F;&#x431;.</subfield>
    <subfield code="c">&#x411;. &#x438;.</subfield>
    <subfield code="d">[2004]</subfield>
  </datafield>
  <datafield tag="215" ind1=" " ind2=" ">
    <subfield code="a">71, [1] &#x441;.</subfield>
    <subfield code="c">&#x446;&#x432;. &#x438;&#x43B;.</subfield>
    <subfield code="d">28</subfield>
  </datafield>
  <datafield tag="300" ind1=" " ind2=" ">
    <subfield code="a">&#x422;&#x435;&#x43A;&#x441;&#x442; &#x43F;&#x430;&#x440;&#x430;&#x43B;. &#x43D;&#x430; &#x440;&#x443;&#x441;. &#x438; &#x430;&#x43D;&#x433;&#x43B;.&#x44F;&#x437;.</subfield>
  </datafield>
  <datafield tag="510" ind1="1" ind2=" ">
    <subfield code="6">z17790</subfield>
    <subfield code="a">Stas Blinov</subfield>
    <subfield code="z">eng</subfield>
  </datafield>
  <datafield tag="604" ind1=" " ind2=" ">
    <subfield code="1">700#1$a&#x420;&#x443;&#x441;&#x442;&#x430;&#x432;&#x435;&#x43B;&#x438;$b&#x428;.$f12 &#x432;.$g&#x428;&#x43E;&#x442;&#x430;$4070</subfield>
    <subfield code="1">50010$a&#x412;&#x438;&#x442;&#x44F;&#x437;&#x44C; &#x432; &#x442;&#x438;&#x433;&#x440;&#x43E;&#x432;&#x43E;&#x439; &#x448;&#x43A;&#x443;&#x440;&#x435;$2psbo</subfield>
    <subfield code="a">&#x420;&#x443;&#x441;&#x442;&#x430;&#x432;&#x435;&#x43B;&#x438;, &#x428;&#x43E;&#x442;&#x430; (12 &#x432;.)</subfield>
    <subfield code="t">&#x412;&#x438;&#x442;&#x44F;&#x437;&#x44C; &#x432; &#x442;&#x438;&#x433;&#x440;&#x43E;&#x432;&#x43E;&#x439; &#x448;&#x43A;&#x443;&#x440;&#x435;</subfield>
  </datafield>
  <datafield tag="604" ind1=" " ind2=" ">
    <subfield code="1">200#1$a&#x411;&#x43B;&#x438;&#x43D;&#x43E;&#x432;$b&#x421;.$g&#x421;&#x442;&#x430;&#x441;$f1946</subfield>
    <subfield code="1">2351#$a&#x41A;&#x43D;&#x438;&#x436;&#x43D;&#x44B;&#x435; &#x438;&#x43B;&#x43B;&#x44E;&#x441;&#x442;&#x440;&#x430;&#x446;&#x438;&#x438;</subfield>
    <subfield code="a">&#x411;&#x43B;&#x438;&#x43D;&#x43E;&#x432;, &#x421;&#x442;&#x430;&#x441; (1946)</subfield>
    <subfield code="t">&#x41A;&#x43D;&#x438;&#x436;&#x43D;&#x44B;&#x435; &#x438;&#x43B;&#x43B;&#x44E;&#x441;&#x442;&#x440;&#x430;&#x446;&#x438;&#x438;</subfield>
    <subfield code="j">&#x410;&#x43B;&#x44C;&#x431;&#x43E;&#x43C;&#x44B;</subfield>
    <subfield code="3">RU\NLR\AUTH\661411286</subfield>
    <subfield code="9">2363683</subfield>
  </datafield>
  <datafield tag="604" ind1=" " ind2=" ">
    <subfield code="1">200#1$a&#x420;&#x443;&#x441;&#x442;&#x430;&#x432;&#x435;&#x43B;&#x438;$b&#x428;.$g&#x428;&#x43E;&#x442;&#x430;$f12 &#x432;.</subfield>
    <subfield code="1">230##$a"&#x412;&#x438;&#x442;&#x44F;&#x437;&#x44C; &#x432; &#x442;&#x438;&#x433;&#x440;&#x43E;&#x432;&#x43E;&#x439; &#x448;&#x43A;&#x443;&#x440;&#x435;"$x&#x418;&#x43B;&#x43B;&#x44E;&#x441;&#x442;&#x440;&#x430;&#x446;&#x438;</subfield>
    <subfield code="a">&#x420;&#x443;&#x441;&#x442;&#x430;&#x432;&#x435;&#x43B;&#x438;, &#x428;&#x43E;&#x442;&#x430; (12 &#x432;.)</subfield>
    <subfield code="t">"&#x412;&#x438;&#x442;&#x44F;&#x437;&#x44C; &#x432; &#x442;&#x438;&#x433;&#x440;&#x43E;&#x432;&#x43E;&#x439; &#x448;&#x43A;&#x443;&#x440;&#x435;"</subfield>
    <subfield code="x">&#x418;&#x43B;&#x43B;&#x44E;&#x441;&#x442;&#x440;&#x430;&#x446;&#x438;&#x438;</subfield>
    <subfield code="3">RU\NLR\AUTH\661069366</subfield>
    <subfield code="9">1729684</subfield>
  </datafield>
  <datafield tag="686" ind1=" " ind2=" ">
    <subfield code="a">&#x429;153(2&#x420;=&#x420;&#x443;&#x441;)7-8&#x411;&#x43B;&#x438;&#x43D;&#x43E;&#x432;</subfield>
  </datafield>
  <datafield tag="686" ind1=" " ind2=" ">
    <subfield code="a">&#x428;5(2=&#x413;&#x440;)4-4&#x420;&#x443;&#x441;&#x442;&#x430;&#x432;&#x435;&#x43B;&#x438;&#x44F;6</subfield>
  </datafield>
  <datafield tag="700" ind1=" " ind2="1">
    <subfield code="a">&#x411;&#x43B;&#x438;&#x43D;&#x43E;&#x432;</subfield>
    <subfield code="b">&#x421;.</subfield>
    <subfield code="f">1946-</subfield>
    <subfield code="g">&#x421;&#x442;&#x430;&#x441;</subfield>
    <subfield code="4">070</subfield>
  </datafield>
  <datafield tag="790" ind1=" " ind2="1">
    <subfield code="6">z17510</subfield>
    <subfield code="a">Blinov</subfield>
    <subfield code="b">S.</subfield>
    <subfield code="f">1946-</subfield>
    <subfield code="g">Stas</subfield>
    <subfield code="4">070</subfield>
  </datafield>
  <datafield tag="801" ind1=" " ind2="0">
    <subfield code="a">RU</subfield>
    <subfield code="b">NLR</subfield>
    <subfield code="c">20041209</subfield>
    <subfield code="g">PSBO</subfield>
  </datafield>
  <datafield tag="801" ind1=" " ind2="1">
    <subfield code="a">RU</subfield>
    <subfield code="b">NLR</subfield>
    <subfield code="c">20041209</subfield>
  </datafield>
  <datafield tag="942" ind1=" " ind2=" ">
    <subfield code="c">BOOK</subfield>
  </datafield>
  <datafield tag="980" ind1=" " ind2=" ">
    <subfield code="a">NB</subfield>
  </datafield>
  <datafield tag="995" ind1=" " ind2=" ">
    <subfield code="5">2004-12-09</subfield>
    <subfield code="a">ab</subfield>
    <subfield code="b">NLR02</subfield>
    <subfield code="c">NLR02</subfield>
    <subfield code="e">EST</subfield>
    <subfield code="f">809406</subfield>
    <subfield code="k">&#x42D; &#x410;&#x43B;&#x418;&#x441;570/2-&#x420;897</subfield>
    <subfield code="o">0</subfield>
    <subfield code="r">BOOK</subfield>
    <subfield code="s">_5702897</subfield>
  </datafield>
</record>
